LEADER 01210nam 2200385 450 001 9910157794503321 005 20230810001629.0 010 $a1-63388-222-5 035 $a(CKB)3710000001009577 035 $a(DLC) 2016041376 035 $a(MiAaPQ)EBC5890600 035 $a(EXLCZ)993710000001009577 100 $a20190930d2017 uy 0 101 0 $aeng 135 $aur||||||||||| 181 $ctxt$2rdacontent 182 $cn$2rdamedia 183 $anc$2rdacarrier 200 10$aAmazing stories of the space age $etrue tales of Nazis in orbit, soldiers on the moon, orphaned martian robots, and other fascinating accounts from the annals of spaceflight /$fRod Pyle 210 1$aAmherst, New York :$cPrometheus Books,$d[2017] 210 4$d©2017 215 $a1 online resource 311 $a1-63388-221-7 320 $aIncludes bibliographical references and index. 606 $aAeronautics$xHistory 615 0$aAeronautics$xHistory. 676 $a629.409 700 $aPyle$b Rod$01244391 801 0$bMiAaPQ 801 1$bMiAaPQ 801 2$bMiAaPQ 906 $aBOOK 912 $a9910157794503321 996 $aAmazing stories of the space age$92886679 997 $aUNINA LEADER 00871nam a2200229 u 4500 001 991004308229807536 005 20240318130230.0 008 240221s2022 it er 001 0 ita d 020 $a9788835146629 040 $aBibl. Dip.le Aggr. Scienze Umane e Sociali - Sez. Studi Storici 041 0 $aita 082 0 $a370.115 100 1 $aPaparella, Nicola$0220753 245 10$aPer una pedagogia di frontiera$b: apprendere, vivere e creare nella cittą multietnica, inclusiva e resiliente /$cNicola Paparella, Andrea Tarantino 260 $aMilano :$bAngeli,$c2023 300 $a172 p. ;$c24 cm 490 0 $aTraiettorie inclusive ;$v44 650 0$aPedagogia sociale 700 1 $aTarantino, Andrea <1975- >$eauthor$4http://id.loc.gov/vocabulary/relators/aut$01726726 912 $a991004308229807536 996 $aPer una pedagogia di frontiera$94132912 997 $aUNISALENTO